000 00380nam a2200133Ia 4500
008 151001s9999||||xx |||||||||||||| ||und||
100 _aयु म पठाण
245 _aअजून आठवत
250 _a1
260 _bज्ञानदा पब्लिकेशन प्रा लि पुणे
260 _c1998
300 _a159
365 _b21
999 _c981324
_d981321